Những mẫu chuyện lịch sử văn minh thế giới

Saved in:
Bibliographic Details
Main Author: Đặng, Đức An (Chủ biên)
Other Authors: Lương Kim Thoa (Sưu tầm và tuyển chọn), Lại Bích Ngọc (Sưu tầm và tuyển chọn), Đặng, Thanh Toán (Sưu tầm và tuyển chọn), Đặng, Thanh Tịnh (Sưu tầm và tuyển chọn)
Format: Book
Published: Hà Nội Giáo dục 2003
Edition:Tái bản lần 3
Subjects:
Tags: Add Tag
No Tags, Be the first to tag this record!
Institutions: Trung tâm Học liệu Lê Vũ Hùng, Trường Đại học Đồng Tháp
LEADER 01172pam a22002778a 4500
001 00040732
005 20180118070132.0
008 110506s2003 ||||||Viesd
020 # # |c 18800 
041 0 # |a Vie 
082 1 4 |a 930  |b NH556M 
100 0 # |a Đặng, Đức An  |e Chủ biên 
245 0 0 |a Những mẫu chuyện lịch sử văn minh thế giới  |c Đặng Đức An chủ biên; Lại Bích Ngọc,Đặng Thanh Tịnh; Đặng Thanh Toán sưu tầm và tuyển chọn 
250 # # |a Tái bản lần 3 
260 # # |a Hà Nội  |b Giáo dục  |c 2003 
300 # # |a 303 tr.  |c 21 cm. 
653 # # |a Cổ đại 
653 # # |a Thế giới 
653 # # |a Lịch sử 
700 0 # |a Lương Kim Thoa  |e Sưu tầm và tuyển chọn 
700 0 # |a Lại Bích Ngọc  |e Sưu tầm và tuyển chọn 
700 1 # |a Đặng, Thanh Toán  |e Sưu tầm và tuyển chọn 
700 1 # |a Đặng, Thanh Tịnh  |e Sưu tầm và tuyển chọn 
852 # # |j KD.0023232  |j KM.0024050  |j KM.0024051 
910 |d 18/01/2018 
980 # # |a Trung tâm Học liệu Lê Vũ Hùng, Trường Đại học Đồng Tháp